000 00435nam a2200157Ia 4500
008 230312s9999||||xx |||||||||||||| ||und||
020 _a8379923606
082 _a621.3
_bKUM-B
100 _aKumar, Manoj
245 0 _aBasic electrical and electronics engineering
260 _bJaico
_aMumbai
_c2005
300 _a488
546 _aEng.
650 _aEngineering
_vAc fundamentals, D.C Circuits, Semiconductor fundamentals
942 _cBK
999 _c1455
_d1455